| 000 | 00877nam a22002535a 4500 | ||
|---|---|---|---|
| 005 | 20180104152118.0 | ||
| 008 | 180104t1998 maua frb 001 0 eng d | ||
| 020 | _a0071155864 | ||
| 040 |
_aEG-ScBUE _beng _cEG-ScBUE _dEG-ScBUE |
||
| 082 | 0 | 4 |
_222 _a621.38412 _bSMI |
| 100 | 1 |
_aSmith, Jack, _d1935- |
|
| 245 | 1 | 0 |
_aModern communication circuits / _cJack Smith. |
| 250 | _a2nd ed., McGraw-Hill international ed. | ||
| 260 |
_aBoston : _bWCB McGraw-Hill, _cc.1998. |
||
| 300 |
_a577 p. : _bill. ; _c24 cm. |
||
| 490 | 0 | _aMcGraw-Hill series in electrical and computer engineering | |
| 504 | _aIncludes bibliographical references and index. | ||
| 650 | 7 |
_2BUEsh _934801 _aRadio circuits. |
|
| 650 | 7 |
_2BUEsh _aTelecommunication _xEquipment and supplies. |
|
| 650 | 7 |
_2BUEsh _933899 _aElectronic circuit design. |
|
| 651 | _2BUEsh | ||
| 653 |
_bGGEN _cJanuary2018 |
||
| 942 | _2ddc | ||
| 999 |
_c25868 _d25840 |
||